| 000 | 00000nam##2200000za#4500 |
| 001 | 9.648882 |
| 003 | CaOODSP |
| 005 | 20210615113353 |
| 007 | ta |
| 008 | 150407|2003||||xxc||||| f|0| 0 eng|d |
| 020 | |a1-894737-05-9 |
| 040 | |aCaOODSP|beng |
| 043 | |an-cn--- |
| 086 | 1 |aEn134-35/2003E |
| 110 | 2 |aNational Round Table on the Environment and the Economy (Canada) |
| 245 | 10|aCleaning up the past, building the future : |ba national brownfield redevelopment strategy for Canada |
| 260 | |aOttawa - Ontario : |bNational Round Table on the Environment and the Economy |c2003. |
| 300 | |axiv, 41, [40]p. : |bcoloured illus., references, tables ; |c28 cm. |
| 520 | 3 |aThis national brownfields redevelopment strategy presents recommendations for transforming abandoned, idle, or underutilized—and in some cases, contaminated—commercial or industrial properties into vibrant centres of community life. It addresses the key barriers to brownfield redevelopment, including legal uncertainty surrounding environment liability, lack of capital, and poor stakeholder understanding of the issue. |
| 563 | |aSoftcover |
| 590 | |a03-26|b2003-06-27 |
| 690 | 07|aEnvironmental management|2gcpds |
| 690 | 07|aGlobalization|2gcpds |
| 690 | 07|aQuality of life|2gcpds |
| 690 | 07|aEconomy|2gcpds |
| 775 | 08|tRéhabiliter le passé, construire l'avenir : |w(CaOODSP)9.682138 |
| 776 | 0#|tCleaning up the past, building the future : |w(CaOODSP)9.686573 |